La evaluación docente en México / (Record no. 69538)

MARC details
000 -LEADER
campo de control de longitud fija 01293nam a2200325 i 4500
001 - NÚMERO DE CONTROL
campo de control 125240
005 - FECHA Y HORA DE LA ÚLTIMA TRANSACCIÓN
campo de control 20230410124020.0
008 - DATOS DE LONGITUD FIJA--INFORMACIÓN GENERAL
campo de control de longitud fija 170627b2015 mx a 000 0 spa
020 ## - NÚMERO INTERNACIONAL ESTÁNDAR DEL LIBRO
Número Internacional Estándar del Libro 9786071633590
020 ## - NÚMERO INTERNACIONAL ESTÁNDAR DEL LIBRO
Número Internacional Estándar del Libro 6071633591
020 ## - NÚMERO INTERNACIONAL ESTÁNDAR DEL LIBRO
Número Internacional Estándar del Libro 9786077675754
020 ## - NÚMERO INTERNACIONAL ESTÁNDAR DEL LIBRO
Número Internacional Estándar del Libro 607767575X
041 0# - CÓDIGO DE IDIOMA
Código de lengua del texto/banda sonora o título independiente spa
050 14 - SIGNATURA TOPOGRÁFICA DE LA BIBLIOTECA DEL CONGRESO
Número de clasificación LB 2838
Número de ítem E92 2015
082 ## - NÚMERO DE LA CLASIFICACIÓN DECIMAL DEWEY
Número de clasificación 371.1440972
245 03 - MENCIÓN DEL TÍTULO
Título La evaluación docente en México /
Mención de responsabilidad, etc. coordinadores Gilberto Guevara Niebla, María Teresa Meléndez Irigoyen, Fausto Enrique Ramón Castaño [y otros].
260 ## - PUBLICACIÓN, DISTRIBUCIÓN, ETC.
-- a México, D. F :
Nombre del editor, distribuidor, etc. Fondo de Cultura Económica :
-- Instituto Nacional para la Evaluación de la Educación,
Fecha de publicación, distribución, etc. 2015.
300 ## - DESCRIPCIÓN FÍSICA
Extensión 273 p. :
Otras características físicas il. ;
Dimensiones 23 cm.
440 #0 - MENCIÓN DE SERIE/PUNTO DE ACCESO ADICIONAL--TÍTULO
Título Colección educación y pedagogía. Pedagogía
650 #0 - PUNTO DE ACCESO ADICIONAL DE MATERIA--TÉRMINO DE MATERIA
Término de materia o nombre geográfico como elemento de entrada Evaluación de maestros
Subdivisión geográfica México.
650 ## - PUNTO DE ACCESO ADICIONAL DE MATERIA--TÉRMINO DE MATERIA
Término de materia o nombre geográfico como elemento de entrada Evaluación educativa
Subdivisión geográfica México.
650 ## - PUNTO DE ACCESO ADICIONAL DE MATERIA--TÉRMINO DE MATERIA
Término de materia o nombre geográfico como elemento de entrada Formación profesional de maestros
Subdivisión geográfica México.
650 ## - PUNTO DE ACCESO ADICIONAL DE MATERIA--TÉRMINO DE MATERIA
Término de materia o nombre geográfico como elemento de entrada Maestros
Subdivisión general Clasificación de
Subdivisión geográfica México.
700 1# - ENTRADA AGREGADA--NOMBRE PERSONAL
Nombre de persona Guevara Niebla, Gilberto,
Fechas asociadas al nombre 1944-,
Término indicativo de función/relación coordinador.
700 ## - ENTRADA AGREGADA--NOMBRE PERSONAL
Nombre de persona Meléndez Irigoyen, María Teresa,
Término indicativo de función/relación coordinadora.
700 ## - ENTRADA AGREGADA--NOMBRE PERSONAL
Nombre de persona Ramón Castaño, Fausto Enrique,
Término indicativo de función/relación coordinador.
700 ## - ENTRADA AGREGADA--NOMBRE PERSONAL
Nombre de persona Sánchez Pérez, Hidalia,
Término indicativo de función/relación coordinadora.
700 ## - ENTRADA AGREGADA--NOMBRE PERSONAL
Nombre de persona Tirado Segura, Felipe,
Término indicativo de función/relación coordinador.
942 ## - ELEMENTOS DE ENTRADA SECUNDARIOS (KOHA)
Fuente del sistema de clasificación o colocación Clasificación de Library of Congress
Tipo de ítem Koha
Holdings
Estatus retirado Estado de pérdida Fuente del sistema de clasificación o colocación Estado de daño No para préstamo Colección Biblioteca de origen Biblioteca actual Ubicación en estantería Fecha de adquisición Serial enumeration / chronology Signatura topográfica completa Código de barras Visto por última vez Tipo de ítem Koha
    Clasificación de Library of Congress     Humanidades Biblioteca Juan Bosch Biblioteca Juan Bosch Humanidades (4to. Piso) 10/04/2023 3 LB 2838 E92 2015 00000117984 25/10/2018